Modern`s abc of Chemistry for Class XII / (Record no. 3018)
[ view plain ]
| 000 -LEADER | |
|---|---|
| fixed length control field | 00880nam a2200313Ia 4500 |
| 001 - CONTROL NUMBER | |
| control field | 3030 |
| 005 - DATE AND TIME OF LATEST TRANSACTION | |
| control field | 20240113233608.0 |
| 007 - PHYSICAL DESCRIPTION FIXED FIELD--GENERAL INFORMATION | |
| fixed length control field | ta |
| 008 - FIXED-LENGTH DATA ELEMENTS--GENERAL INFORMATION | |
| fixed length control field | 050330s002- a g b000 u eng u |
| 020 ## - INTERNATIONAL STANDARD BOOK NUMBER | |
| International Standard Book Number | 81-245-0047-9 |
| Terms of availability | Rs. 470.00 |
| 040 ## - CATALOGING SOURCE | |
| Original cataloging agency | Cotton College,Assam |
| 041 ## - LANGUAGE CODE | |
| Language code of text/sound track or separate title | eng |
| 082 ## - DEWEY DECIMAL CLASSIFICATION NUMBER | |
| Classification number | 540 |
| Item number | Ja 322 Mo |
| 100 ## - MAIN ENTRY--PERSONAL NAME | |
| Personal name | Jauhar, S P . |
| 245 #0 - TITLE STATEMENT | |
| Title | Modern`s abc of Chemistry for Class XII / |
| Statement of responsibility, etc. | S P Jauhar. |
| Medium | Textual Documents |
| 250 ## - EDITION STATEMENT | |
| Edition statement | Rev Ed. / |
| 260 ## - PUBLICATION, DISTRIBUTION, ETC. | |
| Place of publication, distribution, etc. | Jalandhar : |
| Name of publisher, distributor, etc. | Modern Publishers , |
| Date of publication, distribution, etc. | 2002-03. |
| 300 ## - PHYSICAL DESCRIPTION | |
| Extent | 1273p. : |
| Other physical details | ill ; |
| Dimensions | 28cm . |
| 365 ## - TRADE PRICE | |
| Price type code | Rs. 470.00 |
| 504 ## - BIBLIOGRAPHY, ETC. NOTE | |
| Bibliography, etc. note | Appendices,C.B.S.C. Board`s Paper,2000(Delhi), Logarithms,Antilogarithms. |
| 653 ## - INDEX TERM--UNCONTROLLED | |
| Uncontrolled term | Chemistry |
| 653 ## - INDEX TERM--UNCONTROLLED | |
| Uncontrolled term | G-Chemistry |
| 942 ## - ADDED ENTRY ELEMENTS (KOHA) | |
| Source of classification or shelving scheme | Dewey Decimal Classification |
| Koha item type | Books |
| Withdrawn status | Lost status | Damaged status | Not for loan | Collection | Home library | Current library | Date acquired | Coded location qualifier | Cost, normal purchase price | Total checkouts | Full call number | Barcode | Date last seen | Copy number | Price effective from | Koha item type |
|---|---|---|---|---|---|---|---|---|---|---|---|---|---|---|---|---|
| Dr. Suryya Kumar Bhuyan Library | Dr. Suryya Kumar Bhuyan Library | 01/02/2012 | 00000 | 470.00 | 540 Ja 322 Mo | 892/EL | 13/01/2024 | 3 | 01/02/2012 | Books | ||||||
| Dr. Suryya Kumar Bhuyan Library | Dr. Suryya Kumar Bhuyan Library | 01/02/2012 | 00000 | 470.00 | 540 Ja 322 Mo | 1249/El | 13/01/2024 | 2 | 01/02/2012 | Books | ||||||
| Dr. Suryya Kumar Bhuyan Library | Dr. Suryya Kumar Bhuyan Library | 01/02/2012 | 00000 | 470.00 | 540 Ja 322 Mo | 890/ el | 13/01/2024 | 1 | 01/02/2012 | Books | ||||||
| Dr. Suryya Kumar Bhuyan Library | Dr. Suryya Kumar Bhuyan Library | 01/02/2012 | 00000 | 470.00 | 540 Ja 322 Mo | 891/EL | 13/01/2024 | 4 | 01/02/2012 | Books |
